000 00388nam a2200145Ia 4500
041 _aKurdish
082 _a320.014 cut-972 گ
100 _a20260118u\\\\\\\\\\\y0engy0103\\\\ba
100 _aبەهرۆز گەڵاڵى
245 0 _aلەئەنکەرەوە
250 _aچ1
260 _bچاپخانەى روون
_aسلیمانى - العراق
_c2004
300 _a174
942 _cBk
999 _c189927
_d189927